Marvel Movies & TV A-Z - Statistics

General Stats
  • This quiz has been taken 567 times
    52 since last reset
  • The average score is 14 of 23
Answer Stats
Letter Movie or Show % Correct
A The Avengers | The Amazing Spider-Man | Agents of S.H.I.E.L.D. | The Amazing Spider-Man 2 | Avengers: Age of Ultron | Ant-Man | Agent Carter | Avengers: Infinity War | Ant-Man and the Wasp | Avengers: Endgame | Ant-Man and the Wasp: Quantumania | Argylle | Agatha All Along | Avengers: Doomsday | Avengers: Secret Wars
100%
C Captain America: The First Avenger | Captain America: The Winter Soldier | Captain America: Civil War | Cloak & Dagger | Captain Marvel | Captain America: Brave New World
91%
D Daredevil | Daredevil | Deadpool | Doctor Strange | The Defenders | Deadpool 2 | Doctor Strange in the Multiverse of Madness | Deadpool & Wolverine | Daredevil: Born Again
89%
B Blade | Blade II | Blade: Trinity | Blade: The Series | Big Hero 6 | Big Hero 6: The Series | Black Panther | Black Widow | Black Panther: Wakanda Forever
86%
I Iron Man | The Incredible Hulk | Iron Man | The Incredible Hulk | Iron Man 2 | Iron Man 3 | Iron Fist | Inhumans | Ironheart
80%
G Ghost Rider | Ghost Rider: Spirit of Vengeance | Guardians of the Galaxy | Guardians of the Galaxy Vol. 2 | The Gifted | The Guardians of the Galaxy Holiday Special | Guardians of the Galaxy Vol. 3
77%
E Elektra | Eternals | Echo | Eyes of Wakanda
75%
H Howard the Duck | Hulk | Helstrom | Hawkeye
75%
F Fantastic Four | Fantastic Four | Fantastic Four: Rise of the Silver Surfer | Fantastic Four | The Falcon and the Winter Soldier | The Fantastic Four: First Steps
73%
X X-Men | X-Men | X-2: X-Men United | X-Men: The Last Stand | X-Men Origins: Wolverine | X-Men: First Class | X-Men: Days of Future Past | X-Men: Apocalypse | X-Men: Dark Phoenix | X-Men '97
73%
L Luke Cage | Logan | Legion | Loki
66%
S Spider-Man: The Animated Series | Silver Surfer | Spider-Man: Unlimited | Spider-Man | Spider-Man 2 | Spider-Man 3 | Spider-Man: Homecoming | Spider-Man: Into the Spider-Verse | Spider-Man: Far From Home | Shang-Chi and the Legend of the Ten Rings | Spider-Man: No Way Home | She-Hulk: Attorney at Law | Spider-Man: Across the Spider-Verse | Secret Invasion | Spider-Man: Brand New Day | Spider-Noir | Spider-Man: Beyond the Spider-Verse
64%
W The Wolverine | WandaVision | What If...? | Werewolf by Night | Wonder Man
64%
M Men in Black | Men in Black: The Series | Men in Black II | Man-Thing | Men in Black 3 | Men in Black: International | Moon Knight | Morbius | Ms. Marvel | The Marvels | Madame Web
59%
T Thor | Thor: The Dark World | Thor: Ragnarok | Thor: Love & Thunder | Thunderbolts: The New Avengers
59%
J Jessica Jones
50%
P The Punisher | Punisher: War Zone | The Punisher | The Punisher: One Last Kill
48%
V Venom | Venom: Let There Be Carnage | Venom: The Last Dance | Vision Quest
45%
K Kick-Ass | Kick-Ass 2 | Kingsman: The Secret Service | Kingsman: The Golden Circle | The King's Man | Kraven the Hunter
41%
N The New Mutants
23%
Z Zombies
20%
R Runaways
18%
Y Your Friendly Neighborhood Spider-Man
5%
No matching quizzes found
Score Distribution
Percent of People with Each Score
Percentile by Number Answered
Your Score History
You have not taken this quiz since the last reset